|
|
|
|
| LEADER |
00000nam a2200000Ii 4500 |
| 001 |
DIGVIETO164 |
| 003 |
NyNyDIG |
| 007 |
cr ||||||||||| |
| 008 |
211122s2016 sp ob 000 0 spa d |
| 006 |
m o d |
| 035 |
|
|
|a (OCoLC)1287831133
|
| 040 |
|
|
|a DGITA
|b eng
|e rda
|e pn
|c DGITA
|
| 020 |
|
|
|z 9788416288748
|
| 050 |
1 |
4 |
|a LC71 ebook
|
| 100 |
1 |
|
|a Carrera Santafé, María Pilar,
|d 1959-
|e author.
|
| 245 |
1 |
0 |
|a Nos quieren más tontos :
|b la escuela según la economía liberal /
|c Pilar Carrera Santafé, Eduardo Luque Guerrero ; prólogo de Miguel Riera.
|
| 264 |
|
1 |
|a Barcelona :
|b El Viejo Topo,
|c [2016]
|
| 300 |
|
|
|a 1 online resource.
|
| 336 |
|
|
|a text
|b txt
|2 rdacontent
|
| 337 |
|
|
|a computer
|b c
|2 rdamedia
|
| 338 |
|
|
|a online resource
|b cr
|2 rdacarrier
|
| 347 |
|
|
|a text file
|2 rdaft
|
| 347 |
|
|
|b PDF
|
| 504 |
|
|
|a Includes bibliographical references.
|
| 588 |
0 |
|
|a Online resource; title from PDF title page (Digitalia, viewed November 22, 2021)
|
| 650 |
|
0 |
|a Education
|x Curricula
|x Political aspects.
|
| 650 |
|
0 |
|a Neoliberalism.
|
| 650 |
|
0 |
|a Competency-based education.
|
| 650 |
|
0 |
|a Education and state.
|
| 655 |
|
0 |
|a Electronic books.
|
| 700 |
1 |
|
|a Luque Guerrero, Eduardo,
|d 1958-
|e author.
|
| 791 |
2 |
|
|a Digitalia (Firm),
|e distributor.
|
| 793 |
0 |
|
|g Digitalia eBook Collection:
|a El Viejo Topo
|
| 776 |
0 |
8 |
|i Print version:
|a Carrera Santafé, María Pilar, 1959-
|t Nos quieren más tontos.
|d Barcelona : El Viejo Topo, [2016]
|z 9788416288748
|
| 856 |
4 |
0 |
|3 Digitalia Hispánica
|u https://www.digitaliapublishing.com/a/57810/
|
| 910 |
|
|
|a Premium collection: 2021
|